000 00580nam a22002297a 4500
003 UA-OsUOA
001 48569
007 ta
008 20070907b un ||||| |||| 00| 0 ukr d
100 _aСимоненко В.
090 _a821.161.2
_bС37
942 _cBK
040 _aUA-OsUOA
_bukr
_cUA-OsUOA
_dUA-OsUOA
245 _aЗемне тяжіння
300 _a116 с.
955 _a3
041 _aukr
080 _a821.161.2
260 _aК.
_bМолодь
_c1964
650 7 _a82 Література. Літературознавство
_2UDC
999 _c334675
_d334675